| 000 | 00597nam a2200229Ia 4500 | ||
|---|---|---|---|
| 008 | 170711s9999 xx 000 0 und d | ||
| 050 | _a641.66 | ||
| 050 | _bM486b 2007 | ||
| 100 | _aAustralian Meat and Live-stock Corporation. | ||
| 245 | 4 | _aThe Australian beef kitchen manual / | |
| 245 | _cby Australian Meat and Live-stock Corporation. | ||
| 260 | _aAustralia : | ||
| 260 | _bMLA, | ||
| 260 | _c2007 | ||
| 300 | _a27 pages : | ||
| 300 | _bcolor illustrations ; | ||
| 300 | _c29cm. | ||
| 650 | _aBeef. | ||
| 650 | _aCooking (Beef). | ||
| 650 | _aMeat cuts. | ||
| 700 | _aTitle. | ||
| 999 |
_c339711 _d339711 |
||